World Cup 2018 - Statistics

General Stats
  • This quiz has been taken 34 times
  • The average score is 3 of 6
Answer Stats
Hint Answer % Correct
What part of Ukraine did the World Cup Host Nation illegally annex in 2014 Crimea
83%
This US President was elected in 2016 due to collusion with the World Cup Host Nation Trump
77%
The World Cup Host Nation committed an assassination attempt using nerve agent in this UK City Salisbury
37%
Which olympic games did the World Cup Host Nation have to compete as "Olympic Athletes From Russia" due to sanctions for systemic state sponsored doping. Pyongyang
27%
The World Cup Host Nation is sponsoring civil war in this region of Ukraine Donbass
20%
What passenger jet was shot down by the World Cup Host Nation in 2014 resulting in 298 deaths MH17
17%
No matching quizzes found
Score Distribution
Percent of People with Each Score
Percentile by Number Answered
Your Score History
You have not taken this quiz